000 00587nam a2200193Ia 4500
005 20260114185632.0
008 008 260114s9999 xx 000 0 eng d
020 _a9781472895486
037 _aEBOOK
040 _aCRL
_beng
_cCRL
041 _aeng
_2eng
084 _qCRL
100 _aGregory Fremont-Barnes
_9872498
245 4 _aThe Napoleonic Wars (4) The fall of the French empire 1813?1815
260 _bBloomsbury
_c2016
856 _uhttps://doi.org/10.5040/9781472895486?locatt=label:secondary_bloomsburyCollections
942 _cEBOOK
999 _c1471446
_d1471446